000 00604nam a2200241 i 4500
001 C2-0125284
003 PPAK
005 20180727115047.0
008 970909s1984 enk |||| ||||| | eng d
020 _a0091584701
040 _aPPAK
_beng
_cPPAK
_erda
082 0 4 _a823
_223
090 0 0 _a823
_bLLO
_dG
100 1 _aLloyd, A.R.,
_eauthor
245 1 4 _aThe last otter
264 1 _aLondon :
_bHutchinson ,
_c1984
300 _a185 pages ;
_c22 cm
336 _2rdacontent
_atext
337 _2rdamedia
_aunmediated
338 _2rdacarrier
_avolume
650 1 0 _aEnglish fiction
942 _ddc
_cB
999 _c36803
_d36803